[Preface/predslov k zborníku statí]

Na minha lista:
Detalhes bibliográficos
Autor principal: Marsina, Štefan
Formato: Capítulo de Livro
Idioma:inglês
eslovaco
Tags: Adicionar Tag
Sem tags, seja o primeiro a adicionar uma tag!

MARC

LEADER 00000nla a2200000 4500
001 0222720
005 20240502073639.3
041 0 |a eng 
041 0 |a slo 
044 |a SK 
245 1 0 |a [Preface/predslov k zborníku statí]  |c Štefan Marsina 
100 1 |a Marsina, Štefan